Online
Catalog

El mundo de la nueva narrativa hispanoamericana : (Record no. 2630)

MARC details
000 -CABECERA
campo de control de longitud fija 00782cam a2200205 a 4500
001 - NÚMERO DE CONTROL
campo de control 000002796
005 - FECHA Y HORA DE LA ÚLTIMA TRANSACCIÓN
campo de control 20200929150245.0
008 - DATOS DE LONGITUD FIJA--INFORMACIÓN GENERAL
campo de control de longitud fija 990623s1999 ec b 001 0 spa
020 ## - NÚMERO INTERNACIONAL ESTÁNDAR DEL LIBRO
Número Internacional Estándar del Libro 9978621261
040 ## - FUENTE DE LA CATALOGACIÓN
Centro catalogador/agencia de origen DO-SdBNP
Centro/agencia transcriptor DLC
082 ## - NÚMERO DE LA CLASIFICACIÓN DECIMAL DEWEY
Número de clasificación 821.134
Número de documento/Ítem I938m
100 1# - ENTRADA PRINCIPAL--NOMBRE DE PERSONA
Nombre de persona Ivanovici, Víctor.
9 (RLIN) 8829
245 13 - MENCIÓN DE TÍTULO
Título El mundo de la nueva narrativa hispanoamericana :
Resto del título una introducción /
Mención de responsabilidad, etc. Víctor Ivanovici.
260 ## - PUBLICACIÓN, DISTRIBUCIÓN, ETC.
Lugar de publicación, distribución, etc. Quito, Ecuador :
Nombre del editor, distribuidor, etc. Casa de la Cultura Ecuatoriana "Benjamín Carrión Ecuatoriana",
Fecha de publicación, distribución, etc. 1999.
300 ## - DESCRIPCIÓN FÍSICA
Extensión 295 p. ;
Dimensiones 21 cm.
504 ## - NOTA DE BIBLIOGRAFÍA, ETC.
Nota de bibliografía, etc. Incluye referencias bibliográficas
650 #4 - PUNTO DE ACCESO ADICIONAL DE MATERIA--TÉRMINO DE MATERIA
Término de materia o nombre geográfico como elemento de entrada Novela hispanoamericana
Subdivisión cronológica SIGLO XXI
Subdivisión general Historia y crítica
9 (RLIN) 8830
650 #4 - PUNTO DE ACCESO ADICIONAL DE MATERIA--TÉRMINO DE MATERIA
Término de materia o nombre geográfico como elemento de entrada Español de américa
Subdivisión cronológica SIGLO XX
Subdivisión general Historia y crítica
9 (RLIN) 8831
910 ## - DATOS DE OPCIÓN DEL USUARIO (OCLC)
Datos de opción del usuario Catalogación por copia / LC
Holdings
Estado de retiro Estado de pérdida Restricciones de uso No para préstamo Código de colección Localización permanente Ubicación/localización actual Ubicación en estantería Fecha de adquisición Número de inventario Total de préstamos Signatura topográfica completa Código de barras Fecha visto por última vez Precio válido a partir de Tipo de ítem Koha
    Préstamo interno   Monografías: Libros y Folletos General General En catalogación 03.07.2009 LF1   821.134 I938m 2796-10 25.06.2020 25.06.2020 Préstamo interno

Powered by Koha